000 00590cam a2200217 4500500
005 20260329001846.0
041 _afre
042 _adc
100 1 0 _aDuru, Martin
_eauthor
245 0 0 _aLa légende du Tao
260 _c2009.
500 _a50
690 _aLao-tseu
690 _aLaozi
690 _aTao
690 _aTaoïsme
690 _aTchouang Tseu
690 _aZhuangzi
786 0 _nPhilosophie magazine | 32 | 9 | 2009-09-01 | p. 34-35 | 1951-1787
856 4 1 _uhttps://shs.cairn.info/magazine-philosophie-magazine-2009-9-page-34?lang=fr&redirect-ssocas=7080
999 _c1809355
_d1809355